000 00671cam a2200229 a 4500
001 13642601
005 20180207051108.0
008 040701s2005 njua 001 0 eng
010 _a 2004054754
020 _a0131469835
040 _aDLC
_cDLC
_dDLC
041 _aeng
080 _a512.13 SUL
082 0 0 _a512.13 SUL
_222
100 1 _a36
101 _aMAT
245 1 0 _aPrecalculus essentials /
_cMichael Sullivan.
246 3 0 _aPrecalculus
906 _a7
_bcbc
_corignew
_d1
_eocip
_f20
_gy-gencatlg
942 _2ddc
_cBK
999 _c42003
_d42003